| 000 | 00814nam a2200229 a 4500 | ||
|---|---|---|---|
| 001 | BRCA_4887 | ||
| 005 | 20190320204839.0 | ||
| 008 | 790827s1978 sp-af#####---#000-0#spa-# | ||
| 020 | _a8485137914 | ||
| 041 | _aspa | ||
| 044 | _asp | ||
| 050 | 4 |
_aPQ6323 _b.I48 1978 |
|
| 245 | 1 | 0 |
_aIlustraciones al Quijote de la Academia _cpor varios dibujantes y grabadores, en la imprenta de Joaquín Ibarra ; prefacio Francisco Calvo Serraller. |
| 260 |
_aMadrid _bTurner _c1978 |
||
| 300 |
_a13 p. _bil., 1 mapa, [33] p. de láminas. _c30 cm. |
||
| 600 | 1 | 4 |
_aCervantes Saavedra, Miguel de _d1547-1616 _tDon Quixote _912111 |
| 600 | 1 | 4 |
_aCervantes Saavedra, Miguel de _d1547-1616 _xIlustraciones _912383 |
| 700 | 1 |
_aIbarra, Joaquín _912384 |
|
| 700 | 1 |
_aCalvo Serraller, Francisco _912385 |
|
| 902 | _aCERV | ||
| 942 |
_2lcc _cB |
||
| 999 |
_c4581 _d4581 |
||